263 brain busters : (Record no. 2058)

MARC details
000 -LEADER
fixed length control field 01103pam a2200325 a 4500
005 - DATE AND TIME OF LATEST TRANSACTION
control field 20231103104221.0
020 ## - INTERNATIONAL STANDARD BOOK NUMBER
International Standard Book Number 0140318755
020 ## - INTERNATIONAL STANDARD BOOK NUMBER
International Standard Book Number 9780140318753
040 ## - CATALOGING SOURCE
Original cataloging agency DLC
Transcribing agency DLC
Modifying agency DLC
Language of cataloging eng
050 00 - LIBRARY OF CONGRESS CALL NUMBER
Classification number GV1493
082 00 - DEWEY DECIMAL CLASSIFICATION NUMBER
Classification number 793.73
100 1# - MAIN ENTRY--PERSONAL NAME
Personal name Phillips, Louis
Dates associated with a name 1942-
245 10 - TITLE STATEMENT
Title 263 brain busters :
Remainder of title just how smart are you, anyway? /
Statement of responsibility, etc. by Louis Phillips ; illustrated by James Stevenson.
260 ## - PUBLICATION, DISTRIBUTION, ETC.
Place of publication, distribution, etc. New York :
Name of publisher, distributor, etc. Puffin Books,
Date of publication, distribution, etc. 1985.
300 ## - PHYSICAL DESCRIPTION
Extent 87 pages :
Dimensions 22 cm.
505 ## - FORMATTED CONTENTS NOTE
Formatted contents note U
520 ## - SUMMARY, ETC.
Summary, etc. A collection of mathematical and verbal brain-teasing questions interspersed with "brain vacation" jokes.
521 ## - TARGET AUDIENCE NOTE
Target audience note 900
Source Lexile estimate
521 ## - TARGET AUDIENCE NOTE
Target audience note U
Source Raz-Plus
650 #0 - SUBJECT ADDED ENTRY--TOPICAL TERM
Topical term or geographic name entry element Puzzles
General subdivision Juvenile literature.
650 #0 - SUBJECT ADDED ENTRY--TOPICAL TERM
Topical term or geographic name entry element Mathematical recreations
General subdivision Juvenile literature.
650 #0 - SUBJECT ADDED ENTRY--TOPICAL TERM
Topical term or geographic name entry element Literary recreations
General subdivision Juvenile literature.
650 #1 - SUBJECT ADDED ENTRY--TOPICAL TERM
Topical term or geographic name entry element Puzzles.
650 #1 - SUBJECT ADDED ENTRY--TOPICAL TERM
Topical term or geographic name entry element Mathematical recreations.
650 #1 - SUBJECT ADDED ENTRY--TOPICAL TERM
Topical term or geographic name entry element Literary recreations.
700 1# - ADDED ENTRY--PERSONAL NAME
Personal name Stevenson, James
Dates associated with a name 1929-2017
Relator term illustrator
906 ## - LOCAL DATA ELEMENT F, LDF (RLIN)
a 7
b cbc
c orignew
d 1
e ocip
f 19
g y-gencatlg
942 ## - ADDED ENTRY ELEMENTS (KOHA)
Source of classification or shelving scheme Dewey Decimal Classification
Koha item type Books
Suppress in OPAC No
999 ## -
-- 2058
-- 2058
Holdings
Withdrawn status Lost status Source of classification or shelving scheme Damaged status Not for loan Collection Home library Current library Shelving location Date acquired Total Checkouts Full call number Barcode Date last seen Price effective from Koha item type
    Dewey Decimal Classification     Non-Fiction Footprints International School Library Network Toul Kork Campus Footprints International School Library Network Toul Kork Campus A TK Campus, 4th Floor, Room B401, Non-Fiction Bookcases(7-8) 11/02/2023   PHI 793.73 GV1493 FISTK05200 11/02/2023 11/02/2023 Books